Where’s the Bathroom Lyrics Quiz - Statistics

General Stats
  • This quiz has been taken 15 times
  • The average score is 66 of 215
Answer Stats
Lyric % Correct
bath
78%
where
78%
a
67%
bathroom
67%
bathroom?
67%
do
67%
I
67%
know
67%
no
67%
the
67%
to
67%
who
67%
you
67%
you?
67%
your
67%
an
56%
if
56%
in
56%
is
56%
is!
56%
it
56%
me
56%
me!
56%
my
56%
so
56%
were
56%
where's
56%
again!
44%
and
44%
are
44%
be
44%
by
44%
don't
44%
for
44%
got
44%
hear?
44%
home
44%
I’ll
44%
I'm
44%
It's
44%
need
44%
not
44%
of
44%
off
44%
she
44%
there
44%
was
44%
what
44%
when
44%
you’re
44%
always
33%
as
33%
back
33%
big
33%
breath
33%
call
33%
can
33%
can-
33%
catch
33%
decorative
33%
did
33%
doesn't
33%
eczema
33%
even
33%
ever
33%
explain
33%
gay
33%
gay?
33%
gay!
33%
get
33%
give
33%
have
33%
haven't
33%
hell
33%
here?
33%
hovel
33%
how
33%
"how
33%
interrupt
33%
just
33%
least
33%
little
33%
love
33%
mat
33%
mat?
33%
mean
33%
minute
33%
moment
33%
more
33%
oh
33%
or
33%
out
33%
plane
33%
please
33%
"please!"
33%
say
33%
see
33%
sit
33%
some
33%
stop
33%
sure
33%
talk
33%
talking
33%
tell
33%
that
33%
this
33%
told
33%
use
33%
wait
33%
walk
33%
want
33%
way
33%
with
33%
won't
33%
would
33%
against
22%
antisemitic
22%
any
22%
asks
22%
Becky?
22%
bishop
22%
bowls
22%
boycott
22%
bumpier
22%
California
22%
career
22%
chase
22%
cheddar
22%
cheese
22%
"chunky"
22%
"healthy"
22%
doing
22%
dream
22%
everyone
22%
everything
22%
fact
22%
fatter
22%
fine
22%
god
22%
gonna
22%
has
22%
healthy
22%
house
22%
husband
22%
I'd
22%
inside
22%
insult
22%
lawyer?"
22%
lived
22%
looking
22%
makeup?
22%
months
22%
nice
22%
nine
22%
okay
22%
on
22%
passes
22%
purse?
22%
return
22%
ride
22%
room
22%
said
22%
sent
22%
shot
22%
since
22%
soaps
22%
something
22%
stating
22%
still
22%
store
22%
stupid
22%
taxi
22%
that’s
22%
though
22%
vase
22%
vases?
22%
vendetta
22%
wearing
22%
which
22%
Wisconsin
22%
at
11%
charming
11%
comb!
11%
could
11%
decided
11%
dump
11%
food
11%
freeways
11%
getting
11%
kill
11%
living
11%
lotion
11%
luggage
11%
maid
11%
nightmare
11%
Nowhere,
11%
put
11%
temple
11%
these
11%
threw
11%
USA
11%
using
11%
well
11%
wouldn't
11%
all
0%
dough
0%
florals
0%
glass
0%
goyish
0%
greasy
0%
Harvard
0%
rocks
0%
wasted
0%
water
0%
Yale
0%
No matching quizzes found
Score Distribution
Percent of People with Each Score
Percentile by Number Answered
Your Score History
You have not taken this quiz